Estadísticas para Países por Consumo Alcohólico

Haz click aquí para intentar la prueba.

Estadísticas generales

  • Esta prueba ha sido intentada 2.613 veces
    (1.300 desde el último reinicio)
  • La puntuación promedio es 12 de 20

Estadísticas de respuestas

Bebidas / díaPaís% Correcto
1.81Rusia
94%
2.07Alemania
93%
1.95Francia
83%
1.79Polonia
74%
2.01Irlanda
71%
1.87Bélgica
67%
1.79Austria
66%
2.22República Checa
66%
1.78Suiza
66%
1.95Rumania
62%
1.79Estonia
61%
2.32Lituania
61%
1.99Letonia
60%
1.90Portugal
59%
1.96Bulgaria
56%
1.95Eslovenia
54%
2.01Luxemburgo
46%
2.35Moldavia
45%
2.07Nigeria
17%
1.85Seychelles
8%

Distribución de puntuación

Porcentaje por número respondido

Porcentaje de gente con cada puntuación

Historial de tus puntuaciones

No has intentado esta prueba desde el último reinicio